Decay of timber and its prevention

Bibliographic Details
Main Author: CARTWRIGHT (Kenneth Thomas St. George)
Other Authors: Findlay (Walter Philip Kennedy)
Format: Book
Published: London : H. M. Stationery Off. , 1946
Subjects:

MARC

LEADER 00000cam a2200000 7i4500
001 0000001457
005 20010720.0
090 0 0 |a R 634.964   |b CAR 1946 
100 1 0 |a CARTWRIGHT   |h K. St. G. [  |q (Kenneth Thomas St. George)] 
245 1 0 |a Decay of timber and its prevention   |c by K. St. G. Cartwright and W. P. K. Findlay, Forest Products Research Laboratory 
260 0 0 |a London :   |b H. M. Stationery Off. ,   |c 1946 
300 |a vi, 294 p. plates :   |b diagrs. ;   |c 25 cm. 
500 0 0 |a Includes index 
650 0 0 |a Wood-decaying fungi 
650 0 0 |a Wood   |x Preservation 
700 0 1 |a Findlay   |h W. P. K. [  |q (Walter Philip Kennedy)] 
998 |a JPSM 
999 |a 0000002484   |b Monograph   |c Reference   |e Default branch